Holocene climate variability in tropical South America: (Registro nro. 8431)
[ vista simple ]
| 000 -CABECERA | |
|---|---|
| Campo de control | 01244nam a22002657a 4500 |
| 005 - FECHA Y HORA DE LA ULTIMA TRANSACCION | |
| Campo de control | 20160901141218.0 |
| 008 - ELEMENTOS DE LONGITUD FIJA—INFORMACION GENERAL | |
| Campo de control | 140516b2013 it il fr|||| 00| | eng d |
| 020 ## - ISBN | |
| ISBN | 9782940472253 |
| 040 ## - FUENTE DE CATALOGACIÓN | |
| Agencia catalogadora original | CO-BoIAVH |
| Agencia transcriptora | CO-BoIAVH |
| 041 ## - IDIOMA | |
| Código de idioma para texto/pista de sonido o título separado | Inglés |
| 044 ## - PAÍS DE PUBLICACIÓN | |
| País de publicación | Italia |
| 082 04 - NUMERO DE CLASIFICACION DECIMAL DEWEY | |
| Número de clasificación | 551.6986 |
| Número del ítem | M97h |
| 100 10 - ASIENTO PRINCIPAL--NOMBRE PERSONAL | |
| Nombre personal | Muñoz-Uribe, Paula Andrea |
| 9 (RLIN) | 24092 |
| 245 10 - MENCION DE TITULO | |
| Título | Holocene climate variability in tropical South America: |
| Parte restante del título | case history from a high-mountain wet zone in NW Colombia based on palynology and X-ray microfluorescence |
| 260 ## - PUBLICACION, DISTRIBUCION, ETC. (PIE DE IMPRENTA) | |
| Lugar de publicación, distribución, etc. | Genova, Italia |
| Nombre del editor, distribuidor, etc. | Université de Genéve, Institut Forel |
| Fecha de publicación, distribución, etc. | 2013 |
| 300 ## - DESCRIPCION FISICA | |
| Extensión | 177 p. |
| Otros detalles físicos | tablas, mapas, gráficas |
| Dimensiones | 28 cm. |
| 490 ## - MENCION DE SERIE | |
| Mención de serie | Revista Terre & Environnement |
| Designación numérica/secuencial del volumen | Vol. 124 |
| 500 ## - NOTA GENERAL | |
| Nota general | Tesis presentada a la Facultad de Ciencias de la Universidad de Génova para obtener el grado de Doctor en Ciencias, mención Ciencias de la Tierra |
| 504 ## - NOTA DE BIBLIOGRAFIA, ETC. | |
| Nota de bibliografía | Incluye referencias bibliográficas (pag. 145-156) |
| 650 ## - ASIENTO SECUNDARIO DE MATERIA - TERMINO TEMATICO | |
| Término temático o nombre geográfico como elemento de entrada | Climatología |
| Subdivisión de forma | Investigaciones |
| Subdivisión geográfica | America del Sur |
| 9 (RLIN) | 75809 |
| 650 #6 - ASIENTO SECUNDARIO DE MATERIA - TERMINO TEMATICO | |
| Término temático o nombre geográfico como elemento de entrada | Clima tropical |
| Subdivisión de forma | Investigaciones |
| Subdivisión geográfica | America del Sur |
| 9 (RLIN) | 75810 |
| 650 ## - ASIENTO SECUNDARIO DE MATERIA - TERMINO TEMATICO | |
| Término temático o nombre geográfico como elemento de entrada | Cambios climáticos |
| Subdivisión geográfica | America del Sur |
| 9 (RLIN) | 75811 |
| 650 #6 - ASIENTO SECUNDARIO DE MATERIA - TERMINO TEMATICO | |
| Término temático o nombre geográfico como elemento de entrada | Variabilidad de precipitación |
| Subdivisión de forma | Investigaciones |
| Subdivisión geográfica | America del Sur |
| 9 (RLIN) | 75812 |
| 942 ## - ELEMENTOS ADICIONALES (KOHA) | |
| Sistema de clasificación | Dewey Decimal Classification |
| Tipo de ítem | Impreso |
| Withdrawn status | Lost status | Sistema de Clasificación | Damaged status | No para préstamo | Colección | Inventariado | Ubicación Permanente | Ubicación actual | Fecha de adquisición | Fuente de Valor | Valor | Total Checkouts | Número topográfico | Inventario / Código de Barras | Date last seen | Ejemplar | Price effective from | Forma de adquisición | Tipo de material |
|---|---|---|---|---|---|---|---|---|---|---|---|---|---|---|---|---|---|---|---|
| Dewey Decimal Classification | Audiovisual | Bogotá | Bogotá | 16/05/2014 | LB-551.6986 M97h | 059595 | 16/05/2014 | Ej. 2 | 16/05/2014 | CD-ROM | |||||||||
| Dewey Decimal Classification | General | Inventariado 2017 | Bogotá | Bogotá | 01/09/2016 | Instituto | 39000.00 | LB-551.6986 M97h | 040640 | 01/09/2016 | Ej. 2 | 01/09/2016 | Donación | Libro | |||||
| Dewey Decimal Classification | General | Inventariado 2017 | Sala Fabio Quevedo | Sala Fabio Quevedo | 16/05/2014 | Instituto | 39000.00 | LB-551.6986 M97h | 059594 | 16/05/2014 | Ej.1 | 16/05/2014 | Libro |